Local self government in India. (Record no. 679)

MARC details
000 -LEADER
fixed length control field 00453cam a2200181ua 4500
008 - FIXED-LENGTH DATA ELEMENTS--GENERAL INFORMATION
fixed length control field 110419n ii |||gr||||Z||||||eng
040 ## - CATALOGING SOURCE
Transcribing agency MAIN
082 ## - DEWEY DECIMAL CLASSIFICATION NUMBER
Classification number 352.054
245 1# - TITLE STATEMENT
Title Local self government in India.
Statement of responsibility, etc. By M P Sharma.
250 ## - EDITION STATEMENT
Edition statement 6th.
260 ## - PUBLICATION, DISTRIBUTION, ETC.
Place of publication, distribution, etc. Luknow.:
Name of publisher, distributor, etc. Kitab mahal.,967.
300 ## - PHYSICAL DESCRIPTION
Extent 168 p.:5 cm.
700 1# - ADDED ENTRY--PERSONAL NAME
Personal name Sharma, M P.,
942 ## - ADDED ENTRY ELEMENTS (KOHA)
Koha item type Books
653 ## - INDEX TERM--UNCONTROLLED
Uncontrolled term Political science.
653 ## - INDEX TERM--UNCONTROLLED
Uncontrolled term Local self government in India.
Holdings
Withdrawn status Lost status Damaged status Not for loan Home library Current library Shelving location Date acquired Total Checkouts Full call number Barcode Date last seen Copy number Price effective from Koha item type
        Central Library, Naharkatiya College Central Library, Naharkatiya College   19/09/2020   352.054 | SHA 123 19/09/2020 1 19/09/2020 Books

Naharkatiya College © 2020. All rights reserved.

Powered By